Регионална библиотека "Любен Каравелов" - Русе

Отговорността за евикция (Запис номер 8924)

MARC детайли
000 -Лидер
Контролно поле с фиксирана дължина 01140nam a2200325 c 4500
003 - Код на организацията, давaща контролен номер
Контролно поле BLK
005 - Дата и час на последна редакция
Контролно поле 20241101092112.0
008 - Елементи от данни с фиксирана дължина
fixed length control field 180412b bul|||||r ||||||| ||bul||
010 ## - Наследен системен номер
LC control number KNG00010318000
020 ## - Международен стандартен номер на книга ISBN
Международен стандартен номер на книга ISBN 954-8858-01-0
-- издат.: Регули
040 ## - Източник на каталожния запис
Идентификатор на билиотеката - собственик на записа BLK
041 ## - Код за език
Код за езика на текст/звукозапис или на отделно заглавие Български
Код за езика КДБФ Български
080 ## - УДК
Текстов определител УДК Вещни права. Вещи. Имущества
УДК код - определител по УДК 347.2
УДК определител (497.2)
УДК - код + определител 347.2(497.2)
100 1# - Редна дума - Автор
Автор Русчев, Иван Русчев
Дати, свързани с автора 1957 -
Автор - информация (биография) Юрист
R(LIN) 117855
139 ## - Редно поле
Редна дума Русчев, Иван Русчев
Авторски знак Русо - Р 96
245 10 - Сведения за заглавието
Заглавие Отговорността за евикция
Редно поле (дума) Иван Русчев Русчев.
257 ## - Страна на издаване
Страна на създаване/издаване България
260 ## - Област на издателските данни
-- София
Име на издателя, разпространителя и проч. Регули
Година на издаване 1995
300 ## - Физическа характеристика
Страници 240 с.
Размери/Мащаб 20 см
380 ## - Жанр
Жанр Обществени науки
500 ## - Общи забележки
Забележка 3 000 тир. - Библиогр. с. 229-239
650 #4 - Допълнително описание по предмет – тема
Основно описание – тема или топоним Вещно право - България
9 (RLIN) 242353
653 ## - Ключова дума – ненормативна
Ключова дума вещно право
852 ## - Местоположение
Форматна сигнатура Цб 185153
856 4# - Електронен адрес и достъп
Електронен формат pdf - файл
Път до файла /url/
856 4# - Електронен адрес и достъп
Електронен формат pdf - файл
Път до файла /url/
942 ## - АРТИКУЛИ
Вид на библиотечния материал Книги
Скрит в OPAC Не
944 ## - СЪЗДАВАНЕ И РЕДАКЦИЯ на ЗАПИСА
Създаване/Редакция Създаване
Дата на регистрацията/редакция 15.01.2003
Служител, извършил регистрацията/редакцията 30560
Статус, дата на статуса Геновева Генчева
944 ## - СЪЗДАВАНЕ И РЕДАКЦИЯ на ЗАПИСА
Създаване/Редакция Редакция
Дата на регистрацията/редакция 16.09.2015
Служител, извършил регистрацията/редакцията Валя_Йорданова
999 ## - СИСТЕМНИ КОНТРОЛНИ НОМЕРА
Koha biblionumber 8924
Koha biblioitemnumber 8924
Наличности
Код за отписване Код за изгубен артикул Източник на класификационната схема Код за повреда Коз за рестрикции Код за отдаване Артикулен № Име на библиотеката - собственик Име на библиотеката, в която се намира в момента Статус (Текущо местоположение) Дата на вписване в системата Местоположение - отдел Цена в лева Инвентарен номер Систематично азбучна сигнатура Баркод Номер на екземпляра Цена в евро Служебна бележка Служебен тип на артикула
  Не е изгубен Universal Decimal Classification Не е повреден без рестрикции ползва се в читалня 15524 Регионална библиотека "Любен Каравелов" Русе Регионална библиотека "Любен Каравелов" Русе Читалня 1995-01-01 Читалня 1.35 612600 Ч 347(497.2)/Р 96 120000612600 1 0.69 N: Ib Дата: 01.01.1995 Дата инв: 14.03.2017 Бележки инв: Ч2017 Книги
  Не е изгубен Universal Decimal Classification Не е повреден без рестрикции ползва се в читалня 15525 Регионална библиотека "Любен Каравелов" Русе Регионална библиотека "Любен Каравелов" Русе Хранилище 1995-01-01 Хранилище 0.00 618919 Цб 185153 120000618919 2 0.00 Дост: Dp Вид: Д N: Сф Дата: 01.01.1995 Книги
Vip Innovations Ltd, Rousse, Bulgaria 2025